Competition Success Review Year Book 2015/ (Record no. 95055)
[ view plain ]
| 000 -LEADER | |
|---|---|
| fixed length control field | 00727nam a22001937a 4500 |
| 005 - DATE AND TIME OF LATEST TRANSACTION | |
| control field | 20150717152758.0 |
| 010 ## - LCCN (DPL NO) | |
| LC control number | B-598025 |
| 020 ## - INTERNATIONAL STANDARD BOOK NUMBER | |
| International Standard Book Number | 9789384175061 |
| Terms of availability | 350.00 |
| 035 ## - SYSTEM CONTROL NUMBER | |
| System control number | B-598025 |
| 037 ## - SOURCE OF ACQUISITION | |
| Stock number | dpl |
| Source of stock number/acquisition | Aakar Books/Ven |
| 082 ## - DEWEY DECIMAL CLASSIFICATION NUMBER | |
| Classification number | 050 |
| 245 ## - TITLE STATEMENT | |
| Title | Competition Success Review Year Book 2015/ |
| Statement of responsibility, etc | edited by Surendra Kumar Sachdeva |
| 260 ## - PUBLICATION, DISTRIBUTION, ETC. (IMPRINT) | |
| Place of publication, distribution, etc | New Delhi |
| Name of publisher, distributor, etc | Competition Review Pvt.Ltd. |
| Date of publication, distribution, etc | c2015 |
| 270 ## - ADDRESS | |
| Address | 604 Prabhat Kiran, Rajendra Place, |
| City | New Delhi |
| Postal code | 110008 |
| 300 ## - PHYSICAL DESCRIPTION | |
| Extent | 1000p.: |
| Other physical details | ill. |
| Dimensions | 18cm(pbk) |
| 500 ## - GENERAL NOTE | |
| General note | included latest political map of India |
| 942 ## - ADDED ENTRY ELEMENTS (KOHA) | |
| Source of classification or shelving scheme | Dewey Decimal Classification |
| Item type | English Books |
| Classification part | 050 |
| Call number suffix | COM |
| Withdrawn status | Lost status | Not for loan | Collection code | Home library | Current library | Date acquired | Source of acquisition | Cost, normal purchase price | Full call number | Barcode | Copy number | Cost, replacement price | Koha item type |
|---|---|---|---|---|---|---|---|---|---|---|---|---|---|
| Not For Loan | Reference | Central Library | Central Library | 17/07/2015 | Aakar Books/ I-574 /14.07.2015/DPL/01/13.07.2015/16.07.2015 | 350.00 | 050 COM | B-598025 | 1 | 350.00 | English Books |
